00218nam a2200097Ia 4500008004100000041000800041100001100049245003100060650001000091999001900101230605s9999 xx 000 0 und d aeng aFrance aGreat barbecues and grills aF. P. c417058d417058